000 00457nam a2200193Ia 4500
005 20240823022934.0
008 240823s9999||||xx |||||||||||||| ||und||
020 _a978-81-203-2609-9
041 _aENGLISH
082 _A620.106 P8
100 _a"Esposito,Anthony"
245 0 _aFluid Power with Applications
250 _a6th
260 _c2008
_b"Pearson,"
500 _aYES
650 _aFluid Power
_bMechanical
942 _cBK
999 _c180357
_d180357